La biblioteca de Dios: Historia de los textos cristianos
Uloženo v:
| Hlavní autor: | |
|---|---|
| Médium: | Kniha |
| Jazyk: | španělština |
| Vydáno: |
Madrid
Ediciones Cristiandad
2006
|
| Vydání: | 2a. ed |
| Témata: | |
| Tagy: |
Přidat tag
Žádné tagy, Buďte první, kdo vytvoří štítek k tomuto záznamu!
|
MARC
| LEADER | 00000nam a2200000 a 4500 | ||
|---|---|---|---|
| 001 | UCI5535 | ||
| 003 | CL-VaPUC | ||
| 008 | 080404e20060000SP |||||||||||||||||spa|d | ||
| 020 | |a 847057518X | ||
| 082 | 0 | 4 | |a 270 |b VIA |2 21 |
| 100 | 0 | |a Vian, Giovanni María |e author |9 527968 | |
| 245 | 1 | 3 | |a La biblioteca de Dios: Historia de los textos cristianos |
| 250 | |a 2a. ed | ||
| 300 | |a 471 p | ||
| 942 | |c BK | ||
| 945 | |d 20080404 00:00:00 |a rbrito | ||
| 260 | |a Madrid |b Ediciones Cristiandad |c 2006 | ||
| 600 | 0 | 7 | |a BIBLIA |2 CL-VaPUC |9 399806 |
| 650 | 0 | |a Historia del cristianismo |9 473480 | |
| 650 | 0 | |a Cristianismo |9 257361 | |
| 650 | 0 | |a Humanismo |9 256530 | |
| 650 | 0 | |a Edad media |9 258041 | |
| 583 | |a last modification |c 20080404 00:00:00 |k Rodrigo Vera | ||
| 999 | |c 329276 |d 329274 | ||
| 952 | |0 0 |1 0 |4 0 |6 270_000000000000000_VIA_2006 |7 0 |8 A |9 413655 |a BIBHIS |b BIBHIS |d 2019-11-22 |i 4424190 |o 270 VIA 2006 |p 4424190 |r 2025-01-20 |w 2019-11-22 |y BK |k HIS | ||